000 00359 a2200145 4500
001 169033
020 _a
040 _cMagnum
100 _aConceicao, Jose Augusto Nigro (Coord.)
240 1 0 _aSaude escolar: a crianca, a vida e a escola
_lpor
245 1 0 _aSaude escolar: a crianca, a vida e a escola
362 0 _a1899
697 _aGERAL
942 _cBK
999 _c169033
_d169033